Normal view
MARC view
- Jackson, Andrew.S Baumgartner, Ted.A
Entry Personal Name
001 - CONTROL NUMBER
- control field: 80108
003 - CONTROL NUMBER IDENTIFIER
- control field: NUST
005 - DATE AND TIME OF LATEST TRANSACTION
- control field: 20210628210609.0
008 - FIXED-LENGTH DATA ELEMENTS
- fixed length control field: 210628|| aca||aabn | a|a d
040 ## - CATALOGING SOURCE
- Original cataloging agency: NUST
- Transcribing agency: NUST
100 ## - HEADING--PERSONAL NAME
- Personal name: Jackson, Andrew.S Baumgartner, Ted.A
670 ## - SOURCE DATA FOUND
- Source citation: Work cat.: (NUST): Jackson, Andrew.S Baumgartner, Ted.A, Measurement for evaluation in physical education and exercise science, 1995
